Statistics for Most Popular Australian Junior Sports

Click here to take the quiz!

General Stats

  • This quiz has been taken 59 times
  • The average score is 4 of 8

Answer Stats

Answer% Correct
Soccer
88%
Cricket
78%
Tennis
63%
Netball
59%
Aussie Rules
49%
Rugby League
45%
Touch Footy
4%
Baskteball
0%

Score Distribution

Percentile by Number Answered

Percent of People with Each Score

Your Score History

You have not taken this quiz